Teorie preferencí. /

Uložené v:
Podrobná bibliografia
Hlavný autor: Becker, Gary S., 1930-2014 (Author)
Médium: Kniha
Jazyk:Czech
English
Vydané: Praha : Grada Publishing, spol. s r.o.-Liberální institut, 1997
Vydanie:1. vyd.
Témy:
ISBN: 8071694630 (brož.)
Fyzický popis: 350 s.
Tagy: Pridať tag
Žiadne tagy, Buďte prvý kto otaguje tento záznam!

MARC

LEADER 00000nam a2200000 a 4500
001 000043321
003 SVKK
005 19980526000000.0
008 971219s1997 cs e czeo
020 |a 8071694630 (brož.) 
040 |a SVKKK  |b slo  |c SVKKK  |e AACR2 
041 1 |a cze  |h eng 
044 |a cs  |c CS 
080 |a 330.1  |2 1997 
100 1 |a Becker, Gary S.,  |d 1930-2014  |4 aut 
245 1 0 |a Teorie preferencí. /  |c Gary S. Becker 
250 |a 1. vyd. 
260 |a Praha :  |b Grada Publishing, spol. s r.o.-Liberální institut,  |c 1997 
300 |a 350 s. 
653 0 |a ekonomika  |2 SVKKKPH 
653 0 |a teória preferecií  |2 SVKKKPH 
653 0 |a monografie  |2 SVKKKPH 
655 7 |a monografie  |2 SVKKKPH 
910 |a svkkk 
919 |a 80-7169-463-0 
974 |a MI  |d 19980714 
974 |a KL  |d 19980828 
974 |a EG  |d 19981001 
998 |a BK 
090 |g SCKHL  |k Sklad Pribinova 2. posch.  |a III.179269  |j 914038  |i 2720210388  |s Absenčne 
090 |g SCKHL  |k Sklad Pribinova 2. posch.  |a III.179270  |j 914039  |i 2720207461  |s Absenčne 
090 |g SCKHL  |k Sklad Pribinova 2. posch.  |a III.179271  |j 914040  |i 2720215823  |s Absenčne 
090 |g SCKHL  |k Sklad Pribinova 2. posch.  |a III.181090  |j 918748  |i 2720213825  |s Absenčne